The witch with no name (Record no. 83148)

MARC details
000 -LEADER
fixed length control field 01720nam a2200289 a 4500
008 - FIXED-LENGTH DATA ELEMENTS--GENERAL INFORMATION
fixed length control field 160923s9999 ||||||||||||||||| || u
010 ## - LIBRARY OF CONGRESS CONTROL NUMBER
LC control number 2014007793
020 ## - INTERNATIONAL STANDARD BOOK NUMBER
International Standard Book Number 9780061957956 (hardback)
050 ## - LIBRARY OF CONGRESS CALL NUMBER
Classification number PS 3608.A783W53
100 ## - MAIN ENTRY--PERSONAL NAME
Personal name Harrison, Kim
245 14 - TITLE STATEMENT
Title The witch with no name
Statement of responsibility, etc. Kim Harrison.
250 ## - EDITION STATEMENT
Edition statement First edition.
260 ## - PUBLICATION, DISTRIBUTION, ETC.
Place of publication, distribution, etc. London
Name of publisher, distributor, etc. Harper Voyager
Date of publication, distribution, etc. 2014
300 ## - PHYSICAL DESCRIPTION
Extent 419 pages
520 ## -
-- "Rachel Morgan's come a long way from the clutzy runner of Dead Witch Walking. She's faced vampires and werewolves, banshees, witchs, and soul-eating demons. She's crossed worlds, channeled gods, and accepted her place as a day-walking demon. She's lost friends and lovers and family, and an old enemy has become something much more. But power demands responsibility, and world-changers must always pay a price. That time is now. To save Ivy's soul and the rest of the living vampires, to keep the demonic ever after and our own world from destruction, Rachel Morgan will risk everything"-- Provided by publisher.
650 #7 - SUBJECT ADDED ENTRY--TOPICAL TERM
Topical term or geographic name entry element FICTION / Fantasy / Urban Life
Source of heading or term bisacsh
650 #0 - SUBJECT ADDED ENTRY--TOPICAL TERM
Topical term or geographic name entry element Demonology - Fiction
650 #7 - SUBJECT ADDED ENTRY--TOPICAL TERM
Topical term or geographic name entry element FICTION / Fantasy / General
Source of heading or term bisacsh
650 #0 - SUBJECT ADDED ENTRY--TOPICAL TERM
Topical term or geographic name entry element Witches - Fiction
650 #0 - SUBJECT ADDED ENTRY--TOPICAL TERM
Topical term or geographic name entry element Vampires - Fiction
650 #7 - SUBJECT ADDED ENTRY--TOPICAL TERM
Topical term or geographic name entry element FICTION / Fantasy / Paranormal
Source of heading or term bisacsh
650 #0 - SUBJECT ADDED ENTRY--TOPICAL TERM
Topical term or geographic name entry element Werewolves - Fiction
650 #0 - SUBJECT ADDED ENTRY--TOPICAL TERM
Topical term or geographic name entry element Morgan, Rachel (Fictitious character) - Fiction
995 ## -
-- FICTION Collection
-- 746779
-- CBU-MAIN LIBRARY (Kitwe)
-- PS 3608.A7835W53
-- 1
-- AVAILABLE
-- Sep 23, 2016
-- 746779
-- Fiction Collection
995 ## -
-- FICTION Collection
-- 746815
-- CBU-SCHOOL OF MEDICINE LIBRARY (Ndola)
-- PS 3608.A783W53
-- 2
-- AVAILABLE
-- Sep 23, 2016
-- 746815
-- Fiction Collection
999 ## -
-- 83148
-- 83148
Holdings
Withdrawn status Lost status Source of classification or shelving scheme Damaged status Not for loan Permanent Location Current Location Shelving location Date acquired Total Checkouts Full call number Barcode Date last seen Copy number Price effective from Koha item type
          CBU-MAIN LIBRARY, KITWE. CBU-MAIN LIBRARY, KITWE.   10/25/2023   PS 3608.A783W53 746779 10/25/2023 1 10/25/2023 FICTON COLLECTON
          CBU-SCHOOL OF MEDICINE LIBRARY, NDOLA. CBU-SCHOOL OF MEDICINE LIBRARY, NDOLA.   10/25/2023   PS 3608.A783W53 746815 10/25/2023 2 10/25/2023 FICTON COLLECTON